Recomendaciones técnicas para la elaboración de mapas de amenazas por sequía meteorológica
| Format: | Section = Libro |
|---|---|
| Language: | Undetermined Spanish |
| Published: |
Managua
INETER
2005
|
| Subjects: |
| LEADER | 00581nam a2200181Ia 4500 | ||
|---|---|---|---|
| 008 | 240829s9999 xx 000 0 und d | ||
| 040 | |a BIBLIOTECA-RUPAP Ref 551.5 I59 | ||
| 041 | |a spa | ||
| 082 | |a Ref 551.5 I59 | ||
| 245 | 1 | 0 | |a Recomendaciones técnicas para la elaboración de mapas de amenazas por sequía meteorológica |
| 260 | |a Managua |b INETER |c 2005 | ||
| 300 | |a 50 p. :il. | ||
| 650 | 7 | |a METEOROLOGIA - MAPAS - INUNDACIONES | |
| 650 | 7 | |b AMENAZAS - INUNDACIONES FLUVIALES | |
| 650 | 7 | |c ESTUDIO DE CASO - RIO BLANCO. Tít. | |
| 942 | |c BK |2 ddc | ||
| 991 | |a TEXTO | ||
| 999 | |c 10307 | ||